000 00545nam a2200121Ia 4500
008 220616s9999||||xx |||||||||||||| ||und||
100 _aStephan-Emmrich, Manja (Editor)||Schröder, Philipp (Editor)
245 0 _aMobilities, Boundaries, and Travelling Ideas: Rethinking Translocality Beyond Central Asia and the Caucasus
546 _aEnglish[eng]
650 _atranslocality||Area Studies||globalization||locality||cross‐regional networks||Central Asia||Caucasus
856 _uhttps://www.openbookpublishers.com/reader/603
942 _cEB
999 _c20558
_d20558